000 00674nam a2200241Ia 4500
003 OSt
005 20220928125558.0
006 a|||||r|||| 00| 0
007 ta
008 220927b |||||||| |||| 00| 0 eng d
024 _a8799
037 _cTextual
040 _aSDCL
_cSDCL
_beng
041 _2eng
_aeng
082 _aV1:5'P, P7
100 _aMcNamara Luke
_9470395
245 0 _aHuman rights controversies
_bThe impact of legal form
260 _aNew York
_b Routledge-Cavendish
_c2007
300 _axviii,300p
_ccm.
650 _aHuman Rights World
_9414983
942 _hV1:5'P, P7
_cTEXL
_2CC
999 _c783117
_d783117